The Inequality Reader; contemporary and foundational readings in Race class and gender (Record no. 541104)

MARC details
000 -LEADER
fixed length control field 00639nam a2200193Ia 4500
008 - FIXED-LENGTH DATA ELEMENTS--GENERAL INFORMATION
fixed length control field 240825s9999 xx 000 0 und d
020 ## - INTERNATIONAL STANDARD BOOK NUMBER
ISBN 9788131605493
Paper back/Hardbound hbk
041 ## - LANGUAGE CODE
Language code of text/sound track or separate title eng
082 ## - DEWEY DECIMAL CLASSIFICATION NUMBER
Classification number 305.42
Item number GRU
100 ## - MAIN ENTRY--AUTHOR NAME
Personal name Grusky, Dravid B.
245 #4 - TITLE STATEMENT
Title The Inequality Reader; contemporary and foundational readings in Race class and gender
Statement of responsibility, etc / David B. Grusky and Szonja Szelenyi
250 ## - EDITION STATEMENT
Edition statement 25 c m.
260 ## - PUBLICATION, DISTRIBUTION, ETC. (IMPRINT)
Name of publisher Rawat Publication
Year of publication 2012
Place of publication Jaipur
300 ## - PHYSICAL DESCRIPTION
Number of Pages 766p
Dimensions 25. cm
504 ## - BIBLIOGRAPHY, ETC. NOTE
Bibliography, etc Includes index
650 ## - SUBJECT ADDED ENTRY--TOPICAL TERM
Topical Term Social Inequality; Inequality at the Extremes; Racial and Ethnic Inequality
942 ## - ADDED ENTRY ELEMENTS (KOHA)
Koha item type Reference
Holdings
Withdrawn status Lost status Damaged status Not for loan Home library Current library Shelving location Date acquired Cost, normal purchase price Full call number Accession Number Price effective from Koha item type
        Anna Centenary Library Anna Centenary Library 3RD FLOOR, B WING 05.04.2024 1495.00 305.42 GRU 662343 05.04.2024 English Books
        Anna Centenary Library Anna Centenary Library 3RD FLOOR, B WING 05.04.2024 1495.00 305.42 GRU 662344 05.04.2024 Reference

Find us on the map